Search the Library Catalogue
| 000 -LEADER | |
|---|---|
| fixed length control field | 00530nam a2200205Ia 4500 |
| 008 - FIXED-LENGTH DATA ELEMENTS--GENERAL INFORMATION | |
| fixed length control field | 210417s9999 xx 000 0 und d |
| 020 ## - INTERNATIONAL STANDARD BOOK NUMBER | |
| International Standard Book Number | 9780199184583 |
| -- | 199184585 |
| 082 ## - DEWEY DECIMAL CLASSIFICATION NUMBER | |
| Classification number | 823.0083 BAL |
| Item number | 2.823.0083BLA |
| 245 #0 - TITLE STATEMENT | |
| Title | One Girl School |
| Statement of responsibility, etc. | One Girl School |
| 250 ## - EDITION STATEMENT | |
| Edition statement | 1st ed. |
| Remainder of edition statement | 32 p. : col. ill. ; 23 cm. ; pbk. |
| 260 ## - PUBLICATION, DISTRIBUTION, ETC. | |
| Place of publication, distribution, etc. | Oxford |
| Name of publisher, distributor, etc. | Oxford University Press |
| Date of publication, distribution, etc. | 2005 |
| 700 ## - ADDED ENTRY--PERSONAL NAME | |
| Personal name | "Blake, Jon" |
| Numeration | Jon Blake ; Illustrated by Tony Ross. |
| Withdrawn status | Lost status | Source of classification or shelving scheme | Damaged status | Not for loan | Home library | Current library | Shelving location | Date acquired | Total Checkouts | Full call number | Barcode | Date last seen | Price effective from | Koha item type |
|---|---|---|---|---|---|---|---|---|---|---|---|---|---|---|
| Dewey Decimal Classification | Anna Centenary Library | Anna Centenary Library | CHILDREN SECTION-1ST FLOOR, B WING | 04.02.2011 | 823.0083 BAL | 569004 | 17.04.2021 | 17.04.2021 | English Books |